| 000 | 01462nam a2200337 a 4500 | ||
|---|---|---|---|
| 008 | 110701t2011 ag |||f |||| 001 0 spa d | ||
| 020 | _a9789501245677 | ||
| 041 | _aspa | ||
| 092 |
_c304.6 _l24 _sFAU |
||
| 100 | 1 |
_aFaundes, Anibal _93059 |
|
| 245 | 3 |
_aEl drama del aborto. _bEn busca de un consenso / _cAníbal Faúndes |
|
| 250 | _a1a ed. | ||
| 260 |
_aBuenos Aires: _bPaidós; _c2011. |
||
| 300 |
_a272 p. _c21x13 cm. |
||
| 500 | _aFaundes, A. y Barzelatto, J. (2011). El drama del aborto. En busca de un consenso. (1a ed.). Buenos Aires : Paidos. | ||
| 653 | _aEscuchando a las mujeres: porqué decidieron abortar | ||
| 653 | 3 | _aEl significado de las palabras | |
| 653 | 3 | _aLa magnitud deñ aborto inducido | |
| 653 | 1 | _a¿Porqué las mujeres se embarazan cuando no lo desean? | |
| 653 | 1 | _a¿Porqué un embarazo es tan poco deseado que termina en un aborto | |
| 653 | 4 | _aLos profesionales de la salud frente a valores en conflicto | |
| 653 | _aValores religiosos | ||
| 653 | _aValores éticos | ||
| 653 | 4 | _aLos valores tal como se reflejan en la legislación | |
| 653 | _aCómo reducir la cantidad de abortos | ||
| 653 | _aCómo reducir el costo humano, social y económico del aborto | ||
| 653 | 3 | _aLa paradoja: declararse "contra el aborto" y oponerse a la prevención de los embarazos no deseados | |
| 653 | _aHacia un "consenso entrecruzado" en materia del aborto | ||
| 700 | 1 |
_aBarzelatto, José _eCol. _93060 |
|
| 942 |
_2ddc _cBK |
||
| 999 |
_c2255 _d2255 |
||